[Event "AUT-ch U14 Girls"]
[Site "St Veit"]
[Date "2023.06.08"]
[Round "2"]
[White "Giselbrecht, Leefke"]
[Black "Schirmbeck, Klara"]
[Result "1/2-1/2"]
[WhiteElo "1346"]
[BlackElo "1224"]
[PlyCount "111"]
[EventDate "2023.06.08"]
[EventType "swiss"]
[EventRounds "7"]
[EventCountry "AUT"]
[SourceTitle "EXT 2024"]
[Source "ChessBase"]
[SourceDate "2023.10.10"]
[SourceVersion "1"]
[SourceVersionDate "2023.10.10"]
[SourceQuality "1"]

1. e4 c5 2. Nf3 g6 3. d4 Bg7 4. Nc3 cxd4 5. Nxd4 Nc6 6. Be3 Nf6 7. f3 d5 8. exd5 Nxd5 9. Nxd5 Qxd5 10. c3 0-0 11. Nxc6 Qxc6 12. Be2 b6 13. 0-0 Bb7 14. Qc2 Rad8 15. Rfd1 Qc7 16. Kh1 Rd5 17. Rxd5 Bxd5 18. c4 Rc8 19. Rc1 Qe5 20. Qd2 Qxb2 21. Qxb2 Bxb2 22. Rb1 Bf6 23. cxd5 Rc2 24. Bb5 Rxa2 25. Bh6 Ra5 26. Rc1 Ra1 27. Rxa1 Bxa1 28. Kg1 f6 29. Bf4 Bd4+ 30. Kf1 Bc5 31. Ba6 Bd6 32. Bxd6 exd6 33. Ke2 Kf7 34. f4 g5 35. fxg5 fxg5 36. Ke3 Kf6 37. Ke4 h5 38. g3 h4 39. gxh4 gxh4 40. h3 Kg5 41. Be2 a5 42. Bb5 Kg6 43. Kd4 Kf5 44. Kc4 Kf4 45. Ba4 Ke5 46. Bb3 Kf4 47. Kb5 Kg3 48. Kxb6 Kxh3 49. Kxa5 Kg3 50. Bc2 Kf4 51. Bd3 Ke5 52. Kb4 Kxd5 53. Kc3 Ke5 54. Bf1 Kf4 55. Kd4 Kg3 56. Kd5 1/2-1/2

[Event "AUT-ch U16/18 Girls"]
[Site "St Veit"]
[Date "2023.04.06"]
[Round "7"]
[White "Schirmbeck, Klara"]
[Black "Vu Tran, Tue Anh"]
[Result "0-1"]
[WhiteElo "1169"]
[BlackElo "1612"]
[PlyCount "54"]
[EventDate "2023.04.02"]
[EventType "swiss"]
[EventRounds "7"]
[EventCountry "AUT"]
[SourceTitle "EXT 2024"]
[Source "ChessBase"]
[SourceDate "2023.10.10"]
[SourceVersion "1"]
[SourceVersionDate "2023.10.10"]
[SourceQuality "1"]

1. c4 e5 2. g3 Bc5 3. Bg2 Nf6 4. Nc3 d6 5. d3 Nc6 6. Nf3 Bd7 7. 0-0 0-0 8. e3 h6 9. a3 a6 10. b4 Ba7 11. d4 Bg4 12. d5 Ne7 13. Qc2 Qd7 14. Bb2 Bh3 15. Rfd1 Bxg2 16. Kxg2 Nh7 17. h4 f5 18. Qb3 Kh8 19. Ne2 Qe8 20. Qc3 Nf6 21. Rh1 h5 22. Ng5 Ne4 23. Nxe4 fxe4 24. Nf4 Qf7 25. Ne6 Qxf2+ 26. Kh3 Rf3 27. Rag1 Nf5 0-1

[Event "AUT-ch U14 Girls"]
[Site "St Veit"]
[Date "2022.04.13"]
[Round "6"]
[White "Hyassat, Milana"]
[Black "Schirmbeck, Klara"]
[Result "0-1"]
[WhiteElo "1059"]
[BlackElo "1121"]
[PlyCount "114"]
[EventDate "2022.04.10"]
[EventType "swiss"]
[EventRounds "6"]
[EventCountry "AUT"]
[SourceTitle "EXT 2023"]
[Source "ChessBase"]
[SourceDate "2022.10.05"]
[SourceVersion "1"]
[SourceVersionDate "2022.10.05"]
[SourceQuality "1"]

1. d4 d5 2. c4 c6 3. cxd5 cxd5 4. Nc3 Nf6 5. Bf4 Nc6 6. Nf3 Bf5 7. Qb3 Na5 8. Qa4+ Bd7 9. Qc2 e6 10. e3 Rc8 11. Bd3 Bb4 12. 0-0 Nc4 13. h3 Nxb2 14. Qxb2 Bxc3 15. Qxb7 Bxa1 16. Rxa1 Qb6 17. Qxb6 axb6 18. Rb1 Rc6 19. Ne5 Rc3 20. Rxb6 0-0 21. Bg5 Ba4 22. Rb4 Rc1+ 23. Kh2 Bc2 24. Bb5 Ne4 25. Bh4 Rb1 26. Rxb1 Bxb1 27. a4 Ra8 28. Bc6 Ra5 29. Bb5 Nc3 30. Nc6 Ra8 31. Bf1 Rxa4 32. Ne5 Ra2 33. Ng4 Bf5 34. Ne5 Nd1 35. Kg1 Nc3 36. f3 Nd1 37. g4 Bb1 38. Bg2 Nxe3 39. Bf2 Nxg2 40. Kxg2 Bc2 41. Kg3 Ra3 42. g5 Bf5 43. h4 Kf8 44. Kf4 Ra2 45. Be1 Re2 46. Bb4+ Ke8 47. h5 Rh2 48. g6 hxg6 49. hxg6 Bxg6 50. Ng4 Rh5 51. Ne3 Bf5 52. Ke5 Bg4+ 53. Kd6 Bxf3 54. Kc7 g5 55. Nc2 g4 56. Bd6 Rh3 57. Nb4 g3 0-1

[Event "AUT-ch U14 Girls"]
[Site "St Veit"]
[Date "2022.04.12"]
[Round "4"]
[White "Schirmbeck, Klara"]
[Black "Fabian, Julia"]
[Result "1-0"]
[WhiteElo "1121"]
[BlackElo "1160"]
[PlyCount "125"]
[EventDate "2022.04.10"]
[EventType "swiss"]
[EventRounds "6"]
[EventCountry "AUT"]
[SourceTitle "EXT 2023"]
[Source "ChessBase"]
[SourceDate "2022.10.05"]
[SourceVersion "1"]
[SourceVersionDate "2022.10.05"]
[SourceQuality "1"]

1. e4 e5 2. Nf3 Nc6 3. Nc3 Nf6 4. d4 exd4 5. Nxd4 Bb4 6. Nxc6 bxc6 7. Bd3 0-0 8. 0-0 d5 9. exd5 cxd5 10. Bg5 c6 11. Qf3 Be7 12. Rfe1 h6 13. Bf4 Re8 14. h3 Be6 15. a3 Bd6 16. Re2 Bxf4 17. Qxf4 Nh5 18. Qf3 Qg5 19. Rae1 Nf4 20. Re5 Qh4 21. g3 Nxh3+ 22. Kg2 Qf6 23. Bf5 Ng5 24. Qg4 Re7 25. f4 Ne4 26. R1xe4 dxe4 27. Nxe4 Bd5 28. Rxd5 Rxe4 29. Bxe4 cxd5 30. Bxd5 Rd8 31. Be4 Qe7 32. Bd3 Qd7 33. Qh4 Qc6+ 34. Kh2 Qf6 35. Qxf6 gxf6 36. Kh3 h5 37. Kh4 Rd5 38. f5 a5 39. b3 Rd8 40. a4 Re8 41. Kxh5 Re3 42. Kg4 Kf8 43. Kf4 Re1 44. Kf3 Ke7 45. Kf2 Re5 46. Kf3 Kd6 47. Kf4 Kc5 48. Kf3 Kb4 49. Kf4 Kc3 50. Be4 Rb5 51. axb5 Kb4 52. b6 Kb5 53. b7 Kc5 54. b8Q a4 55. bxa4 Kd4 56. a5 Kc5 57. a6 Kd4 58. Qd6+ Kc3 59. a7 Kb2 60. a8Q Kb1 61. c4+ Kb2 62. Qd3 Kc1 63. Qaa3# 1-0

[Event "AUT-ch U12 Girls"]
[Site "St Veit"]
[Date "2021.10.26"]
[Round "3.2"]
[White "Schirmbeck, Klara"]
[Black "Antenreiter, Lena"]
[Result "0-1"]
[WhiteElo "1235"]
[BlackElo "1199"]
[PlyCount "112"]
[EventDate "2021.10.25"]
[EventType "swiss"]
[EventRounds "7"]
[EventCountry "AUT"]
[SourceTitle "EXT 2023"]
[Source "ChessBase"]
[SourceDate "2022.10.05"]
[SourceVersion "1"]
[SourceVersionDate "2022.10.05"]
[SourceQuality "1"]

1. e4 e5 2. Nf3 Nc6 3. Nc3 Nf6 4. d4 exd4 5. Nxd4 Bb4 6. Nxc6 bxc6 7. Bd3 d5 8. exd5 cxd5 9. 0-0 0-0 10. Bg5 c6 11. Qf3 Be7 12. Rfe1 h6 13. Bh4 Be6 14. h3 Rb8 15. Rab1 Qc7 16. Bf5 Bxf5 17. Qxf5 Rfd8 18. Re2 Qd7 19. Qf3 Re8 20. b3 Bd8 21. Qf4 Bc7 22. Qf3 Rxe2 23. Nxe2 Ne4 24. Rd1 Re8 25. c4 Qe6 26. cxd5 cxd5 27. Kf1 Ba5 28. a3 Nd2+ 29. Rxd2 Bxd2 30. Qd3 Bc1 31. f3 Bxa3 32. Nd4 Qe3 33. Qd1 Qf4 34. Bf2 Qc1 35. Qxc1 Bxc1 36. Nf5 Rb8 37. Bxa7 Rxb3 38. Ne7+ Kh7 39. Nxd5 Rb1 40. Kf2 Rb2+ 41. Kf1 Ra2 42. Bf2 f5 43. Nb4 Rd2 44. Ke1 Rb2 45. Nd3 Bd2+ 46. Kd1 Ra2 47. g4 fxg4 48. fxg4 Kg6 49. h4 h5 50. g5 Kf5 51. Bc5 Ke4 52. Nf2+ Kf3 53. Nd3 Be3 54. Bf8 Rd2+ 55. Ke1 Rxd3 56. g6 Bf2+ 0-1

[Event "AUT-ch U12 Girls Online Rapid"]
[Site "Playchess.com INT"]
[Date "2020.12.13"]
[Round "4"]
[White "Fabian, Julia"]
[Black "Schirmbeck, Klara"]
[Result "1/2-1/2"]
[WhiteElo "1741"]
[BlackElo "1694"]
[PlyCount "33"]
[EventDate "2020.12.13"]
[EventType "swiss (rapid)"]
[EventRounds "7"]
[EventCountry "AUT"]
[SourceTitle "EXT 2022"]
[Source "ChessBase"]
[SourceDate "2021.10.06"]
[SourceVersion "1"]
[SourceVersionDate "2021.10.06"]
[SourceQuality "1"]

1. e4 c5 2. d3 Nc6 3. Nc3 Nf6 4. Bf4 g6 5. Nf3 d6 6. Be2 Bg7 7. 0-0 0-0 8. Qd2 Be6 9. Rfe1 Qb6 10. b3 Qb4 11. a3 Qa5 12. b4 cxb4 13. axb4 Qxb4 14. Reb1 Qc5 15. d4 Nxd4 16. Qxd4 Qxd4 17. Nxd4 1/2-1/2

[Event "AUT-ch U12 Girls Online Rapid"]
[Site "Playchess.com INT"]
[Date "2020.12.13"]
[Round "1"]
[White "Poetscher, Katharina"]
[Black "Schirmbeck, Klara"]
[Result "1-0"]
[WhiteElo "1444"]
[BlackElo "1700"]
[PlyCount "95"]
[EventDate "2020.12.13"]
[EventType "swiss (rapid)"]
[EventRounds "7"]
[EventCountry "AUT"]
[SourceTitle "EXT 2022"]
[Source "ChessBase"]
[SourceDate "2021.10.06"]
[SourceVersion "1"]
[SourceVersionDate "2021.10.06"]
[SourceQuality "1"]

1. e4 c5 2. d4 cxd4 3. Nf3 Nc6 4. Bc4 d6 5. Nxd4 Nf6 6. Nc3 g6 7. Bf4 Nxd4 8. Qxd4 e5 9. Bb5+ Bd7 10. Bxe5 dxe5 11. Qxe5+ Be7 12. 0-0-0 0-0 13. Rd2 Qc8 14. Qxe7 Bxb5 15. Nxb5 Ng4 16. Nc3 Re8 17. Qg5 Ne5 18. f4 Nc4 19. Re2 Na5 20. Qxa5 Qg4 21. Qg5 Qd7 22. Rd1 Qc7 23. Red2 Rac8 24. Rd7 Qc6 25. Rd8 Kg7 26. Rxc8 Rxc8 27. Qe5+ Kg8 28. Rd2 a6 29. f5 b5 30. fxg6 hxg6 31. h3 Qc4 32. h4 b4 33. Na4 Qxa2 34. Kd1 Qxa4 35. h5 Re8 36. Qd4 gxh5 37. Qf6 Qa1+ 38. Ke2 Rxe4+ 39. Kd3 Qe1 40. Qg5+ Kh7 41. Qxh5+ Kg8 42. Re2 Rxe2 43. Qxe2 Qg1 44. Qe8+ Kg7 45. Qe5+ Kf8 46. Qd6+ Kg7 47. Qd4+ Kg8 48. Qxg1 1-0

[Event "AUT-ch U12 Girls Online Rapid"]
[Site "Playchess.com INT"]
[Date "2020.12.13"]
[Round "2"]
[White "Schirmbeck, Klara"]
[Black "Busta, Luisa"]
[Result "1-0"]
[WhiteElo "1673"]
[BlackElo "1594"]
[PlyCount "119"]
[EventDate "2020.12.13"]
[EventType "swiss (rapid)"]
[EventRounds "7"]
[EventCountry "AUT"]
[SourceTitle "EXT 2022"]
[Source "ChessBase"]
[SourceDate "2021.10.06"]
[SourceVersion "1"]
[SourceVersionDate "2021.10.06"]
[SourceQuality "1"]

1. e4 c5 2. Nf3 d6 3. d4 cxd4 4. Nxd4 g6 5. Nc3 Bg7 6. Be3 Nc6 7. f3 Bd7 8. Bc4 Nf6 9. Qd2 0-0 10. 0-0-0 Qa5 11. Nb3 Qc7 12. g4 a6 13. h4 e6 14. Bh6 Ne8 15. Bxg7 Kxg7 16. h5 Rd8 17. hxg6 fxg6 18. Qh6+ Kf7 19. Qxh7+ Ng7 20. Rh6 Ne5 21. Be2 Qc8 22. f4 Rh8 23. Qxh8 Rxh8 24. Rxh8 Qxh8 25. fxe5 Qh6+ 26. Kb1 Ba4 27. Nxa4 Qh2 28. Bd3 Qxe5 29. Nb6 Qf4 30. Rf1 Qxf1+ 31. Bxf1 Ne8 32. Nc4 Nf6 33. Nxd6+ Ke7 34. Nxb7 Nxe4 35. Bxa6 Nf2 36. Bd3 Nxg4 37. Bxg6 Ne5 38. Be4 Nc4 39. N7c5 Nd6 40. Bg2 e5 41. Nd3 e4 42. Ne1 e3 43. Bf3 Nf5 44. Na5 Kd6 45. Nc4+ Kc5 46. b3 Kd4 47. a4 Kc5 48. Be4 Nd6 49. Nxd6 Kxd6 50. b4 Kc7 51. c4 Kb6 52. a5+ Ka6 53. Bd3 e2 54. Bxe2 Kb7 55. b5 Ka7 56. c5 Kb7 57. c6+ Kc7 58. Bf3 Kb8 59. b6 Ka8 60. c7# 1-0

[Event "AUT-chT District U18 Online Rapid"]
[Site "Playchess.com INT"]
[Date "2020.12.12"]
[Round "9"]
[White "Martinovic, David"]
[Black "Schirmbeck, Klara"]
[Result "0-1"]
[WhiteElo "1706"]
[BlackElo "1682"]
[PlyCount "124"]
[EventDate "2020.12.12"]
[EventType "team-swiss (rapid)"]
[EventRounds "9"]
[EventCountry "AUT"]
[SourceTitle "EXT 2022"]
[Source "ChessBase"]
[SourceDate "2021.10.06"]
[SourceVersion "1"]
[SourceVersionDate "2021.10.06"]
[SourceQuality "1"]

1. e4 c5 2. Nf3 d6 3. d4 cxd4 4. Nxd4 Nf6 5. Nc3 g6 6. Be3 Bg7 7. Bb5+ Bd7 8. 0-0 0-0 9. h3 Qa5 10. Bxd7 Nbxd7 11. Re1 Rac8 12. Qd2 Ne5 13. Nd5 Qd8 14. Nxf6+ Bxf6 15. c3 Nc4 16. Qe2 Nxe3 17. Qxe3 Bg7 18. Nb5 a6 19. Nd4 Qa5 20. Nb3 Qa4 21. Qb6 Qc6 22. Qxc6 Rxc6 23. Na5 Rc7 24. Rac1 Rb8 25. Nb3 b5 26. Nd4 Rbc8 27. Nf3 b4 28. e5 dxe5 29. Nxe5 bxc3 30. bxc3 Rxc3 31. Nd3 e6 32. Kh2 Rc2 33. Rxc2 Rxc2 34. Nb4 Rxf2 35. Rc1 Be5+ 36. Kg1 Rb2 37. Rc8+ Kg7 38. Nxa6 Rxa2 39. Nb4 Rb2 40. Nd3 Rb5 41. Kf2 Bd4+ 42. Kf3 Rb3 43. Ke4 Bf6 44. Nc5 Rb2 45. g4 Rh2 46. Nd7 Rxh3 47. g5 Bxg5 48. Ke5 h5 49. Kd6 h4 50. Ne5 Rg3 51. Rc7 h3 52. Rxf7+ Kg8 53. Rd7 h2 54. Nxg6 h1Q 55. Kxe6 Qh3+ 56. Kd6 Rd3+ 57. Kc6 Qxd7+ 58. Kc5 Rc3+ 59. Kb4 Qc7 60. Ne5 Rc1 61. Nd3 Rb1+ 62. Ka3 Qa7# 0-1

[Event "AUT-chT District U18 Online Rapid"]
[Site "Playchess.com INT"]
[Date "2020.12.12"]
[Round "2"]
[White "Seikmann, Jim"]
[Black "Schirmbeck, Klara"]
[Result "1-0"]
[WhiteElo "1697"]
[BlackElo "1638"]
[PlyCount "61"]
[EventDate "2020.12.12"]
[EventType "team-swiss (rapid)"]
[EventRounds "9"]
[EventCountry "AUT"]
[SourceTitle "EXT 2022"]
[Source "ChessBase"]
[SourceDate "2021.10.06"]
[SourceVersion "1"]
[SourceVersionDate "2021.10.06"]
[SourceQuality "1"]

1. e4 c5 2. Nf3 d6 3. d4 cxd4 4. Nxd4 Nf6 5. Nc3 g6 6. f3 Bg7 7. Be3 0-0 8. Qd2 Nc6 9. Bc4 Bd7 10. 0-0-0 Rc8 11. Bb3 Ne5 12. g4 Nc4 13. Bxc4 Rxc4 14. h4 Qa5 15. h5 Rfc8 16. Nb3 Qb4 17. a3 Rxc3 18. axb4 Rxb3 19. Bh6 Nxe4 20. fxe4 Bxb2+ 21. Kb1 Bc3+ 22. cxb3 Bxd2 23. Rxd2 Bxg4 24. hxg6 hxg6 25. Rc2 Rc6 26. Rxc6 bxc6 27. Rc1 Bf3 28. Rc4 Kh7 29. Be3 e5 30. Bxa7 Kh6 31. Kc1 1-0

[Event "AUT-chT2 (Women) 1920"]
[Site "Austria"]
[Date "2020.01.19"]
[Round "3.3"]
[White "Riegler, Katharina"]
[Black "Schirmbeck, Klara"]
[Result "1-0"]
[WhiteElo "1505"]
[BlackElo "1019"]
[PlyCount "123"]
[EventDate "2019.10.12"]
[EventType "team-tourn"]
[EventRounds "3"]
[EventCountry "AUT"]
[SourceTitle "EXT 2022"]
[Source "ChessBase"]
[SourceDate "2021.10.06"]
[SourceVersion "1"]
[SourceVersionDate "2021.10.06"]
[SourceQuality "1"]
[WhiteTeam "Muehlviertel (W)"]
[BlackTeam "Pamhagen (W) III"]
[WhiteTeamCountry "AUT"]
[BlackTeamCountry "AUT"]

1. d4 Nf6 2. Bg5 d5 3. Bxf6 exf6 4. Nf3 Be7 5. e3 0-0 6. Bd3 Bg4 7. Nbd2 Nc6 8. c3 Qd7 9. Qc2 g6 10. 0-0-0 Kg7 11. Rdg1 Rae8 12. h3 Be6 13. h4 Bg4 14. Nh2 Be6 15. g4 Rh8 16. f4 Qd6 17. Nhf3 Reg8 18. h5 Kf8 19. Rg2 gxh5 20. Rxh5 Bxg4 21. Rxh7 Rxh7 22. Bxh7 Rg7 23. Nh4 Qd8 24. Rh2 Be6 25. Nhf3 Rg3 26. Bf5 Rg8 27. Nb3 Qd7 28. Bh7 Rg7 29. Rh6 Bg4 30. Nh4 Bh3 31. Bf5 Bxf5 32. Qxf5 Rg1+ 33. Kc2 Rg2+ 34. Kd3 Qxf5+ 35. Nxf5 Kg8 36. Nd2 Bf8 37. Rh3 Rg1 38. Rg3+ Rxg3 39. Nxg3 Kg7 40. e4 dxe4+ 41. Ndxe4 Kg6 42. f5+ Kh7 43. Nxf6+ Kg7 44. Ne8+ Kg8 45. Ne4 Ne7 46. f6 Nd5 47. c4 Nb4+ 48. Ke2 Nxa2 49. Nxc7 Nc1+ 50. Kd1 Nb3 51. d5 Na5 52. d6 Nc6 53. Kd2 Ne5 54. Kc3 Nc6 55. b4 a6 56. d7 Bxb4+ 57. Kb3 Ba5 58. Nd5 Kh7 59. Nd6 Nd8 60. Ka4 b6 61. c5 Kg6 62. cxb6 1-0

[Event "AUT-ch U10 Girls"]
[Site "St Kanzian"]
[Date "2019.06.22"]
[Round "4"]
[White "Antenreiter, Lena"]
[Black "Schirmbeck, Klara"]
[Result "1/2-1/2"]
[WhiteElo "979"]
[BlackElo "1031"]
[PlyCount "62"]
[EventDate "2019.06.21"]
[EventType "swiss"]
[EventRounds "7"]
[EventCountry "AUT"]
[SourceTitle "CBM 191 Extra"]
[Source "ChessBase"]
[SourceDate "2019.09.30"]
[SourceVersion "1"]
[SourceVersionDate "2019.09.30"]
[SourceQuality "1"]

1. e4 c5 2. Nf3 Nc6 3. c3 g6 4. d4 cxd4 5. cxd4 Bg7 6. Nc3 d6 7. d5 Ne5 8. Nxe5 Bxe5 9. Bb5+ Bd7 10. Bxd7+ Qxd7 11. 0-0 Bg7 12. Qa4 Qxa4 13. Nxa4 Nf6 14. Re1 0-0 15. Bg5 Rac8 16. Bxf6 Bxf6 17. Rac1 Bg5 18. Rxc8 Rxc8 19. g3 Bd2 20. Rd1 Bh6 21. f4 Bg7 22. Rd3 Rc2 23. Rb3 b6 24. Nc3 Bxc3 25. Rxc3 Rxb2 26. Rc7 Rxa2 27. Rxe7 Ra1+ 28. Kf2 Ra2+ 29. Kg1 Ra1+ 30. Kf2 Ra2+ 31. Kg1 Ra1+ 1/2-1/2

[Event "AUT-ch U10 Girls"]
[Site "St Kanzian"]
[Date "2019.06.21"]
[Round "3"]
[White "Schirmbeck, Klara"]
[Black "Giselbrecht, Leefke"]
[Result "0-1"]
[WhiteElo "1031"]
[BlackElo "941"]
[PlyCount "58"]
[EventDate "2019.06.21"]
[EventType "swiss"]
[EventRounds "7"]
[EventCountry "AUT"]
[SourceTitle "CBM 191 Extra"]
[Source "ChessBase"]
[SourceDate "2019.09.30"]
[SourceVersion "1"]
[SourceVersionDate "2019.09.30"]
[SourceQuality "1"]

1. e4 d5 2. exd5 Qxd5 3. Nc3 Qa5 4. Nf3 Nf6 5. Bb5+ c6 6. Bc4 Bg4 7. 0-0 e6 8. h3 Bf5 9. d3 Nbd7 10. Bd2 Qb6 11. Rb1 Bd6 12. Re1 0-0 13. Be3 Qc7 14. Ng5 Ne5 15. a3 Nxc4 16. dxc4 Rad8 17. Qc1 Nd7 18. Nf3 Nc5 19. Bg5 f6 20. Be3 e5 21. b4 Ne6 22. Rb2 e4 23. Nd2 Be5 24. Rb3 Bf4 25. Kf1 Bxe3 26. Rxe3 Nd4 27. Rb2 Qh2 28. f3 Qh1+ 29. Kf2 Qxc1 0-1

[Event "AUT-ch U10 Girls"]
[Site "St Kanzian"]
[Date "2019.06.21"]
[Round "2"]
[White "Wiessner, Elisabeth"]
[Black "Schirmbeck, Klara"]
[Result "0-1"]
[WhiteElo "918"]
[BlackElo "1031"]
[PlyCount "86"]
[EventDate "2019.06.21"]
[EventType "swiss"]
[EventRounds "7"]
[EventCountry "AUT"]
[SourceTitle "CBM 191 Extra"]
[Source "ChessBase"]
[SourceDate "2019.09.30"]
[SourceVersion "1"]
[SourceVersionDate "2019.09.30"]
[SourceQuality "1"]

1. e4 c5 2. Nf3 Nc6 3. Nc3 g6 4. d4 cxd4 5. Nxd4 Bg7 6. Nxc6 bxc6 7. Be3 d5 8. exd5 cxd5 9. Nxd5 Bxb2 10. Rb1 Be5 11. Be2 Be6 12. Nf4 Qxd1+ 13. Rxd1 Bxa2 14. Rc1 Nf6 15. Bb5+ Nd7 16. 0-0 Rb8 17. Bd3 Rc8 18. Rfe1 0-0 19. Nh3 a5 20. c4 a4 21. c5 a3 22. c6 Nb8 23. Be4 Be6 24. Bb1 Rxc6 25. Rxc6 Nxc6 26. Re2 Nb4 27. Bc5 Nc6 28. Bxa3 Rd8 29. f3 Rd1+ 30. Kf2 Rxb1 31. Bc5 Rb2 32. Rxb2 Bxb2 33. Ke3 Bxh3 34. gxh3 Be5 35. f4 Bd6 36. Bxd6 exd6 37. Ke4 Ne7 38. Kf3 f5 39. h4 Kf7 40. Kg3 h6 41. Kh3 Ke6 42. Kg3 Kd5 43. Kh3 Ke4 0-1

[Event "AUT-ch U10 Girls"]
[Site "St Kanzian"]
[Date "2018.06.02"]
[Round "5.2"]
[White "Schirmbeck, Klara"]
[Black "Wurm, Emily"]
[Result "0-1"]
[WhiteElo "845"]
[BlackElo "800"]
[PlyCount "78"]
[EventDate "2018.06.01"]
[EventType "swiss"]
[EventRounds "7"]
[EventCountry "AUT"]
[SourceTitle "EXT 2024"]
[Source "ChessBase"]
[SourceDate "2023.10.10"]
[SourceVersion "1"]
[SourceVersionDate "2023.10.10"]
[SourceQuality "1"]

1. e4 e5 2. Nf3 Nc6 3. Nc3 Nf6 4. d4 Bd6 5. d5 Nb4 6. Be2 0-0 7. 0-0 c6 8. dxc6 dxc6 9. Bg5 h6 10. Bh4 Bg4 11. Bg3 Qe7 12. a3 Na6 13. h3 Bh5 14. Qc1 Bg6 15. Bd3 Nc5 16. Nd2 Ncd7 17. Re1 Bc5 18. Kf1 Nh5 19. Bh2 Qf6 20. Re2 Nf4 21. Bxf4 Qxf4 22. g3 Qg5 23. b4 Bb6 24. Nf3 Qf6 25. Bc4 Qxf3 26. Ke1 Qxc3+ 27. Kd1 Bh5 28. Bd3 Bxf2 29. g4 Bg6 30. Rxf2 c5 31. b5 Qd4 32. Re2 Qg1+ 33. Re1 Qg3 34. Bf1 Rad8 35. a4 Nf6+ 36. Ke2 Nxe4 37. Qe3 Qh2+ 38. Bg2 Qxg2+ 39. Qf2 Qxf2# 0-1

[Event "AUT-ch U08 Girls"]
[Site "St Kanzian"]
[Date "2017.06.18"]
[Round "7.3"]
[White "Schirmbeck, Klara"]
[Black "Fabian, Oxana"]
[Result "1-0"]
[WhiteElo "800"]
[BlackElo "800"]
[PlyCount "74"]
[EventDate "2017.06.16"]
[EventType "swiss"]
[EventRounds "7"]
[EventCountry "AUT"]
[SourceTitle "EXT 2024"]
[Source "ChessBase"]
[SourceDate "2023.10.10"]
[SourceVersion "1"]
[SourceVersionDate "2023.10.10"]
[SourceQuality "1"]

1. d4 d5 2. Bf4 Bf5 3. Nf3 Nc6 4. e3 Nf6 5. c3 e6 6. Bb5 Bd6 7. Bxd6 cxd6 8. 0-0 0-0 9. Nbd2 a6 10. Bxc6 bxc6 11. Re1 Ne4 12. h3 Nxd2 13. Qxd2 e5 14. dxe5 dxe5 15. Nxe5 Qc8 16. Nd3 Bxd3 17. Qxd3 c5 18. Qxd5 Rd8 19. Qc4 Rd2 20. b4 cxb4 21. Qxc8+ Rxc8 22. cxb4 g5 23. a4 Rc3 24. b5 axb5 25. axb5 Rcc2 26. Rf1 Rd8 27. Rab1 Rdc8 28. b6 f5 29. b7 Kg7 30. bxc8Q Rxc8 31. f3 Rg8 32. e4 fxe4 33. fxe4 h6 34. Rbe1 Kg6 35. e5 Kh5 36. e6 Kg6 37. e7 Kh7 1-0

[Event "AUT-ch U08 Girls"]
[Site "St Kanzian"]
[Date "2017.06.17"]
[Round "6.2"]
[White "Busta, Luisa"]
[Black "Schirmbeck, Klara"]
[Result "1-0"]
[WhiteElo "868"]
[BlackElo "800"]
[PlyCount "63"]
[EventDate "2017.06.16"]
[EventType "swiss"]
[EventRounds "7"]
[EventCountry "AUT"]
[SourceTitle "EXT 2024"]
[Source "ChessBase"]
[SourceDate "2023.10.10"]
[SourceVersion "1"]
[SourceVersionDate "2023.10.10"]
[SourceQuality "1"]

1. e4 c6 2. Nf3 d5 3. exd5 cxd5 4. Bb5+ Bd7 5. Nc3 Nf6 6. d3 a6 7. Bxd7+ Qxd7 8. Bg5 d4 9. Ne2 Nc6 10. Bf4 e6 11. Be5 Nxe5 12. Nxe5 Qd6 13. Nc4 Qc6 14. Nxd4 Bb4+ 15. c3 Bc5 16. Nxc6 bxc6 17. d4 Be7 18. Nb6 Rb8 19. 0-0 Rxb6 20. Qa4 Rxb2 21. Qxc6+ Nd7 22. Qc8+ Bd8 23. Rab1 Rc2 24. Rb7 Ke7 25. Qxd7+ Kf6 26. Qxf7+ Kg5 27. Qxg7+ Kf5 28. g4+ Kf4 29. Qe5+ Kf3 30. Qe3+ Kxg4 31. Rg7+ Kh4 32. Qh6# 1-0

[Event "AUT-ch U08 Girls"]
[Site "St Kanzian"]
[Date "2017.06.17"]
[Round "5.3"]
[White "Wagner, Francesca Eleonora"]
[Black "Schirmbeck, Klara"]
[Result "0-1"]
[WhiteElo "800"]
[BlackElo "800"]
[PlyCount "62"]
[EventDate "2017.06.16"]
[EventType "swiss"]
[EventRounds "7"]
[EventCountry "AUT"]
[SourceTitle "EXT 2024"]
[Source "ChessBase"]
[SourceDate "2023.10.10"]
[SourceVersion "1"]
[SourceVersionDate "2023.10.10"]
[SourceQuality "1"]

1. e4 c5 2. Nc3 d6 3. Nf3 Nf6 4. Bb5+ Nc6 5. 0-0 g6 6. d3 Bg7 7. Bg5 0-0 8. Bxf6 Bxf6 9. Bxc6 bxc6 10. e5 dxe5 11. Re1 Qc7 12. Re2 Rb8 13. Rb1 e4 14. dxe4 Bxc3 15. bxc3 Rxb1 16. Qxb1 Rd8 17. Nd2 Rd7 18. Qd1 Qd8 19. a4 Ba6 20. Re1 Rxd2 21. Qc1 e5 22. h4 Rd6 23. g3 Rd2 24. Qa1 Be2 25. Qb2 Rd1 26. Rxd1 Bxd1 27. a5 Bf3 28. a6 Qd7 29. Qb3 Qh3 30. Qb8+ Kg7 31. Qxa7 Qg2# 0-1

[Event "AUT-ch U08 Girls"]
[Site "St Kanzian"]
[Date "2017.06.16"]
[Round "1.2"]
[White "Giselbrecht, Leefke"]
[Black "Schirmbeck, Klara"]
[Result "1-0"]
[WhiteElo "802"]
[BlackElo "800"]
[PlyCount "79"]
[EventDate "2017.06.16"]
[EventType "swiss"]
[EventRounds "7"]
[EventCountry "AUT"]
[SourceTitle "EXT 2024"]
[Source "ChessBase"]
[SourceDate "2023.10.10"]
[SourceVersion "1"]
[SourceVersionDate "2023.10.10"]
[SourceQuality "1"]

1. e4 c5 2. Nf3 d6 3. d4 cxd4 4. Nxd4 Nf6 5. Nc3 g6 6. Bg5 Bg7 7. Bc4 0-0 8. 0-0 Nc6 9. Re1 Bd7 10. Qd2 Rc8 11. Re3 a6 12. a3 b5 13. Ba2 Ng4 14. Re2 Nxd4 15. Ree1 a5 16. b4 Nc6 17. Rab1 a4 18. Nxb5 Rb8 19. Nc3 Nce5 20. Re2 Rc8 21. Rbe1 Rc7 22. Nd5 Rc6 23. Bxe7 Qe8 24. Bxf8 Qxf8 25. Nf4 Qc8 26. Qd1 Rc3 27. Qc1 Bb5 28. Rd2 Nf6 29. Rxd6 Qg4 30. Red1 Bf8 31. Rxf6 Be7 32. Rb6 Rf3 33. Nd5 Rh3 34. Nxe7+ Kg7 35. Rxb5 Rh5 36. Rd8 Rg5 37. Rg8+ Kh6 38. g3 Qh3 39. Rxe5 Qd7 40. Qxg5# 1-0